<?xml version="1.0" encoding="UTF-8"?>
<record
    xmlns:xsi="http://www.w3.org/2001/XMLSchema-instance"
    xsi:schemaLocation="http://www.loc.gov/MARC21/slim http://www.loc.gov/standards/marcxml/schema/MARC21slim.xsd"
    xmlns="http://www.loc.gov/MARC21/slim">

  <leader>00658nam a22001937a 4500</leader>
  <datafield tag="999" ind1=" " ind2=" ">
    <subfield code="c">54787</subfield>
    <subfield code="d">54787</subfield>
  </datafield>
  <controlfield tag="007">00</controlfield>
  <controlfield tag="008">160629b        xxu||||| |||| 00| 0 eng d</controlfield>
  <datafield tag="020" ind1=" " ind2=" ">
    <subfield code="a">978-2-7135-3300-6</subfield>
  </datafield>
  <datafield tag="040" ind1=" " ind2=" ">
    <subfield code="a">BUAC</subfield>
    <subfield code="c">BUC</subfield>
  </datafield>
  <datafield tag="041" ind1=" " ind2=" ">
    <subfield code="a">Fre. </subfield>
  </datafield>
  <datafield tag="100" ind1=" " ind2=" ">
    <subfield code="a">Pajetta, Jean - Paul </subfield>
  </datafield>
  <datafield tag="245" ind1=" " ind2=" ">
    <subfield code="a">Electrotechnique Baccalaur&#xE9;at Professionnel ELEEC Tome 1 : </subfield>
    <subfield code="b">Courant continu, magn&#xE9;tisme, machines tournantes &#xE0; courant continu</subfield>
    <subfield code="c">/ par Jean - Paul Pajetta</subfield>
  </datafield>
  <datafield tag="260" ind1=" " ind2=" ">
    <subfield code="a">Saint Quentin en Yvelines : </subfield>
    <subfield code="b">Casteilla, </subfield>
    <subfield code="c">2011</subfield>
  </datafield>
  <datafield tag="300" ind1=" " ind2=" ">
    <subfield code="a">136 p.</subfield>
    <subfield code="c">30 cm. </subfield>
  </datafield>
  <datafield tag="630" ind1=" " ind2=" ">
    <subfield code="a">SCIENCES APPLIQUEES -TECHNIQUES</subfield>
  </datafield>
  <datafield tag="650" ind1=" " ind2=" ">
    <subfield code="a">ELECTROTECHNIQUE</subfield>
  </datafield>
  <datafield tag="651" ind1=" " ind2=" ">
    <subfield code="a">Electronique : circuit</subfield>
  </datafield>
  <datafield tag="942" ind1=" " ind2=" ">
    <subfield code="c">LIV</subfield>
    <subfield code="2">ddc</subfield>
  </datafield>
  <datafield tag="952" ind1=" " ind2=" ">
    <subfield code="0">0</subfield>
    <subfield code="1">0</subfield>
    <subfield code="4">0</subfield>
    <subfield code="7">0</subfield>
    <subfield code="a">BUAC</subfield>
    <subfield code="b">BUAC</subfield>
    <subfield code="d">2015-06-11</subfield>
    <subfield code="e">Don ARES</subfield>
    <subfield code="f">16/367</subfield>
    <subfield code="l">0</subfield>
    <subfield code="o">621.3 PAJ</subfield>
    <subfield code="p">16-367BUC</subfield>
    <subfield code="r">2016-06-29 00:00:00</subfield>
    <subfield code="t">1</subfield>
    <subfield code="w">2016-06-29</subfield>
    <subfield code="y">LIV</subfield>
  </datafield>
  <datafield tag="952" ind1=" " ind2=" ">
    <subfield code="0">0</subfield>
    <subfield code="1">0</subfield>
    <subfield code="2">ddc</subfield>
    <subfield code="4">0</subfield>
    <subfield code="7">0</subfield>
    <subfield code="a">BUAC</subfield>
    <subfield code="b">BUAC</subfield>
    <subfield code="c">R&#xE9;serve</subfield>
    <subfield code="d">2020-03-02</subfield>
    <subfield code="e">DON ARES</subfield>
    <subfield code="f">18/1004</subfield>
    <subfield code="l">0</subfield>
    <subfield code="o">621.3 PAJ</subfield>
    <subfield code="p">18-1004Buc</subfield>
    <subfield code="r">2020-03-02 00:00:00</subfield>
    <subfield code="t">2</subfield>
    <subfield code="w">2020-03-02</subfield>
    <subfield code="y">LIV</subfield>
  </datafield>
</record>
